000 00528nam a2200169 i 4500
001 149412
003 ES-MaACL
005 20230906203106.0
007 t|
008 071022s1971 sp ||||1| spa d
100 1 _aVekemans, Roger.
_9113668
245 1 0 _aIglesia y mundo político
_b: sacerdocio y política /
_cRoger Vekemans ; colaborador: Hernán Pozo Medina.
260 _aBarcelona :
_bHerder,
_c1971.
300 _a106 p. ;
_c22 cm.
700 1 _aPozo Medina, Hernán.
_993549
852 _aES-MaACL
_jC-44753
_bR.77792
999 _c149412
_d149412